| 000 | 00725cab a2200253 4500 | ||
|---|---|---|---|
| 001 | WB3008-05 | ||
| 008 | 090401t1994 xxu||||| |||| 00| 0 eng d | ||
| 035 | _a(Sirsi) u75962 | ||
| 041 | _aeng | ||
| 245 | _aWhitehall plans construction sales | ||
| 260 | _c1994 | ||
| 350 | _a0 | ||
| 490 |
_aBuilding _v259(7832) 25 February 1994, 7(1) |
||
| 520 | _aThe Government is considering the privatisation of the Defence Works Services, NHS Estates and Property Holdoings. | ||
| 650 | _aDEFENCE WORKS SERVICES | ||
| 650 | _aMOD | ||
| 650 | _aNHS ESTATES | ||
| 650 | _aPRIVATISATION | ||
| 650 | _aPROPERTY HOLDINGS | ||
| 650 | _aPROPERTY SERVICES | ||
| 690 | _aBUILT ENVIRONMENT | ||
| 942 | _n0 | ||
| 948 | _c04/03/1997 | ||
| 999 |
_c47793 _d47793 |
||